Click the State by NFL Teams - Statistics

General Stats
  • This quiz has been taken 76 times
    20 since last reset
  • The average score is 21 of 22
Answers on the Map
Answers color-coded by a green-red scale on the quiz's map according to % correct below.
 
Answer Stats
Answer % Correct
Bengals, Browns
100%
Bills, Jets, Giants
100%
Broncos
100%
Chargers, Rams, 49ers
100%
Falcons
100%
Lions
100%
Panthers
100%
Patriots
100%
Saints
100%
Seahawks
100%
Texans, Cowboys
100%
Titans
100%
Cardinals
93%
Dolphins, Jaguars, Buccaneers
93%
Packers
93%
Raiders
93%
Ravens
93%
Steelers, Eagles
93%
Chiefs
87%
Colts
87%
Vikings
87%
Bears
80%
No matching quizzes found
Score Distribution
Percent of People with Each Score
Percentile by Number Answered
Your Score History
You have not taken this quiz since the last reset